Statistics for Gradovi Europe - fotografije

Click here to take the quiz!

General Stats

  • This quiz has been taken 253 times
  • The average score is 8 of 15

Answer Stats

Answer% Correct
Pariz
98%
Moskva
91%
Pula
80%
Barcelona
64%
Atena
61%
Budimpešta
55%
Prag
54%
Milano
52%
Sarajevo
49%
London
33%
Beč
33%
Frankfurt
28%
Beograd
23%
Bukurešt
20%
Stockholm
19%

Score Distribution

Percentile by Number Answered

Percent of People with Each Score

Your Score History

You have not taken this quiz